000 00661cam a2200229 a 4500
001 16006880
005 20180227053532.0
008 091203s2011 at a 001 0 eng
010 _a 2009942741
020 _a9780538734318
020 _a0538734310
040 _aDLC
_cDLC
_dDLC
041 _aeng
080 _a540 SPE
100 1 _a12
101 _a9
245 1 0 _aOrganic and biochemistry for today /
_cSpencer L. Seager, Michael R. Slabaugh.
906 _a7
_bcbc
_corigcop
_d2
_eepcn
_f20
_gy-gencatlg
942 _2ddc
_cBK
999 _c43572
_d43572